[Event "World op 23rd"]
[Site "Philadelphia"]
[Date "1995.??.??"]
[Round "7"]
[White "Gross, Daniel"]
[Black "Lapshun, Yury"]
[Result "0-1"]
[WhiteElo "2140"]
[BlackElo "2305"]
[PlyCount "62"]
[EventDate "1995.06.??"]
[EventType "swiss"]
[EventRounds "9"]
[EventCountry "USA"]
[SourceTitle "EXT 2000"]
[Source "ChessBase"]
[SourceDate "1999.11.16"]
[SourceVersion "1"]
[SourceVersionDate "1999.11.16"]
[SourceQuality "1"]

1. e4 e5 2. Nf3 Nc6 3. Bc4 Bc5 4. c3 Nf6 5. d4 exd4 6. cxd4 Bb4+ 7. Bd2 Bxd2+ 8. Nbxd2 Nxe4 9. Nxe4 d5 10. Bd3 dxe4 11. Bxe4 0-0 12. 0-0 Bg4 13. d5 Ne5 14. Qb3 Nxf3+ 15. Bxf3 Bxf3 16. Qxf3 Qd6 17. Rac1 Rfe8 18. Rc3 Re5 19. Rfc1 Rae8 20. g3 R8e7 21. Kg2 g6 22. Rc5 c6 23. Ra5 Rf5 24. Qc3 b6 25. Qa3 Qf6 26. Rxa7 Rxf2+ 27. Kg1 Rfe2 28. Ra8+ Kg7 29. Rf1 Qd4+ 30. Kh1 Qxd5+ 31. Qf3 Qxf3+ 0-1

[Event "New York Marshall CC"]
[Site "New York"]
[Date "1993.??.??"]
[Round "6"]
[White "Ashley, Maurice"]
[Black "Gross, Daniel"]
[Result "1-0"]
[WhiteElo "2365"]
[BlackElo "2280"]
[PlyCount "75"]
[EventDate "1993.??.??"]
[EventType "tourn"]
[EventRounds "11"]
[EventCountry "USA"]
[EventCategory "4"]
[SourceTitle "CBM 035 Extra"]
[Source "ChessBase"]
[SourceDate "1993.09.01"]
[SourceVersion "1"]
[SourceVersionDate "1993.09.01"]
[SourceQuality "1"]

1. e4 c5 2. Nf3 Nc6 3. Bb5 g6 4. 0-0 Bg7 5. Re1 e5 6. c3 Nge7 7. b4 cxb4 8. cxb4 0-0 9. a3 d5 10. d3 Bg4 11. Bb2 Nd4 12. Bxd4 exd4 13. Nbd2 Rc8 14. h3 Bxf3 15. Nxf3 Qb6 16. Ba4 dxe4 17. dxe4 Rc3 18. Bb3 Qb5 19. Rb1 Nc6 20. a4 Qd3 21. Bd5 Rd8 22. b5 Ne7 23. Bxb7 Qxd1 24. Rexd1 d3 25. a5 Ra3 26. a6 Nc8 27. Bd5 Nb6 28. Rb3 Rxb3 29. Bxb3 Bc3 30. Ng5 Rd7 31. Nxf7 Kg7 32. Ng5 Kf6 33. f4 Bd4+ 34. Kf1 Be3 35. g3 h6 36. Nf3 Nc8 37. Ne5 Rd4 38. Ng4+ 1-0

[Event "New York Marshall CC"]
[Site "New York"]
[Date "1993.??.??"]
[Round "5"]
[White "Moskow, Eric"]
[Black "Gross, Daniel"]
[Result "1-0"]
[WhiteElo "2235"]
[BlackElo "2280"]
[PlyCount "45"]
[EventDate "1993.??.??"]
[EventType "tourn"]
[EventRounds "11"]
[EventCountry "USA"]
[EventCategory "4"]
[SourceTitle "CBM 035 Extra"]
[Source "ChessBase"]
[SourceDate "1993.09.01"]
[SourceVersion "1"]
[SourceVersionDate "1993.09.01"]
[SourceQuality "1"]

1. c4 Nf6 2. Nc3 g6 3. g3 Bg7 4. Bg2 d6 5. Nf3 0-0 6. 0-0 c6 7. d3 Nbd7 8. Rb1 Nb6 9. b3 d5 10. Bb2 Re8 11. cxd5 cxd5 12. Rc1 e5 13. Nb5 e4 14. dxe4 dxe4 15. Ng5 Nfd5 16. Bxg7 Qxg5 17. Bb2 Qe7 18. Qd4 f6 19. Ba3 Qe5 20. Qxe5 Rxe5 21. Nd6 f5 22. Rfd1 a5 23. Bb2 1-0